000 00828cam a2200265 i 4500
001 768714001
003 CO-MdFUSB
005 20240622075909.0
007 ta
008 240622t1958 -ag||||| |||| 00| 0 spa d
040 _cCO-MdFUSB
041 0 _aspa
082 0 4 _224
_a234.2
_bS259c
100 1 _aSaussure, Juan de
_eautor
245 1 0 _a"¿Crees esto?" San Juan, XI, 26 :
_bquince exposiciones de textos bíblicos a los cuales se refiere el Símbolo de los Apóstoles
_c/ Juan Saussure ; traducido por Franklin Albricias
264 1 _aBuenos Aires, Argentina :
_bLa Aurora,
_c[1958]
264 4 _c©1958
300 _a209 Pag
336 _atexto
_btxt
_2rdacontent
337 _2rdamedia
_asin mediación
_bn
338 _2rdacarrier
_avolumen
_bnc
653 _aCredo apostólico
942 _cBK
945 _aMiguel
999 _c34875
_d34875